000 00276nam a2200121 4500
999 _c9430
_d9430
003 OSt
005 20210419171255.0
008 210419b ||||| |||| 00| 0 eng d
020 _a9781568985367
082 _a725.4
_bHAD
245 _aZaha Hadid BMW central building
942 _2ddc